000 00687cam a22001934a 4500
005 20250605164345.0
008 250528s ||||||||||||||||||||||||d
035 _a23862
040 _aGR-AtMCL
_bgre
_dGR-AtMCL
_eAACR2
245 1 _aLocked in a Paralysed Body / Have Psychologists Got the Key?
260 _c2004
300 _a63
520 _aMasculinity, Educational Psychology, Culture, Locked in: Have Psychologists Got the Key?, The Trouble with Doing Boy, The Turn to Culture, Educational Psychology: In an Age of Uncertainty.
700 1 _aSutton Jon
_99351
942 _cCR
710 2 _aThe British Psychological Society
_99823
999 _c8781
_d8781